000 00431pab a2200157 454500
008 180718b2010 xxu||||| |||| 00| 0 eng d
100 _aMaher, Thomas V.
245 _aThreat, resistance, and collective action: the cases of Sobibor, Treblinka, and Auschwitz
260 _c2010
300 _ap.252-72.
362 _aApr
650 _aSocial movements
773 _aAmerican Sociological Review
908 _aN
909 _a87006
999 _c87006
_d87006